000 00675cad a22002055a 4500
001 E144385
008 080715s2008 xxk f 000 0 eng d
035 _a(Sirsi) u144385
041 0 _aeng
050 0 4 _a658.404 $2 18
110 2 _aRoyal Institution of Chartered Surveyors
_94900
245 0 0 _aRICS short form of consultant's appointment
260 _aCoventry
_bRICS Books
_c2008
300 _a8p.
_c30cm
520 _aDesigned to be used for straightforward projects or those with a relatively low financial value.
521 _aAdvanced
651 4 _aEngland and Wales
_y1543-
690 _aMANAGEMENT-BUSINESS MANAGEMENT-PROFESSIONAL PRACTICE
942 _n0
_2ddc
999 _c108486
_d108486